[Event "Team BG11 chess final 2018"]
[Site "Sochi"]
[Date "2018.05.10"]
[Round "9.3"]
[White "Pershin, Patrik"]
[Black "Tetyuev, Stepan"]
[Result "1-0"]
[WhiteElo "1602"]
[BlackElo "1376"]
[PlyCount "105"]
[EventDate "2018.05.01"]

1. Nf3 Nf6 2. g3 g6 3. b3 Bg7 4. Bb2 d6 5. d4 O-O 6. Bg2 Bf5 7. O-O Nbd7 8. c4
c5 9. Nbd2 Ne4 10. Nh4 Ndf6 11. Nxf5 gxf5 12. e3 Qa5 13. Nxe4 Nxe4 14. Qc2 cxd4
15. exd4 e6 16. Bxe4 fxe4 17. Qxe4 Qd2 18. Rab1 Qa5 19. a3 Qb6 20. Bc3 Rac8 21.
Qe3 Qd8 22. a4 b6 23. Bb4 a5 24. Ba3 Rc6 25. Rbd1 Re8 26. Qf3 d5 27. c5 bxc5
28. Bxc5 e5 29. Rfe1 e4 30. Qe3 Ree6 31. Rb1 Rf6 32. f4 Bf8 33. b4 axb4 34.
Bxb4 Rc4 35. Bxf8 Qxf8 36. Rb5 Qa8 37. Reb1 Kg7 38. f5 h6 39. Qf4 Qa7 40. Qg4+
Kh7 41. Rxd5 Rxd4 42. Rxd4 Qxd4+ 43. Kg2 Qd5 44. Rb5 Qa8 45. Kh3 e3 46. Re5 Qc8
47. Qe4 Kg7 48. Qd4 e2 49. Qg4+ Kf8 50. Qb4+ Kg7 51. Qg4+ Kf8 52. Qxe2 Rxf5 53.
Qg4 1-0

[Event "Team BG11 chess final 2018"]
[Site "Sochi"]
[Date "2018.05.10"]
[Round "9.4"]
[White "Azimov, Timur"]
[Black "Kondrashev, Kirill"]
[Result "0-1"]
[WhiteElo "1438"]
[BlackElo "1575"]
[PlyCount "76"]
[EventDate "2018.05.01"]

1. e4 c5 2. Nf3 Nc6 3. d4 cxd4 4. Nxd4 g6 5. c4 Nf6 6. Nc3 Nxd4 7. Qxd4 d6 8.
Bg5 Bg7 9. Qd2 O-O 10. Bd3 a5 11. O-O a4 12. Rac1 Be6 13. Nd5 Bxd5 14. cxd5 Nd7
15. Rfe1 Nc5 16. Bb1 Qb6 17. Bxe7 Rfe8 18. Bg5 Bxb2 19. Rc2 Nxe4 20. Rxe4 Rxe4
21. Rxb2 Qxb2 22. Bxe4 Qa1+ 23. Qc1 Qxc1+ 24. Bxc1 Rc8 25. Bf4 Rc4 26. f3 f5
27. Bxd6 fxe4 28. fxe4 Rxe4 29. Bc5 Re5 30. Kf2 Rxd5 31. Be3 b5 32. a3 b4 33.
Bc1 b3 34. Ke2 Rc5 35. Kd2 Rc2+ 36. Kd1 Rxg2 37. h4 b2 38. Bxb2 Rxb2 0-1